| 000 | 00440nam a22001697a 4500 | ||
|---|---|---|---|
| 999 |
_c18139 _d18139 |
||
| 008 | 200121b xxu||||| |||| 00| 0 eng d | ||
| 020 | _a9036614436 | ||
| 040 |
_aKABU _cKABU |
||
| 050 |
_aSF75.5 _b.V47 2006 c. 1 |
||
| 100 | _aVerschure, Janine | ||
| 245 |
_aGoats _cJanine Verschure |
||
| 260 |
_aUK _bRebo publishers _c2006 |
||
| 300 | _a127 p. | ||
| 650 | _aDomestic animals | ||
| 650 | _aLivestock | ||
| 942 |
_2lcc _cBK _hSF75.5 |
||